| 000 | 00525nam a2200145Ia 4500 | ||
|---|---|---|---|
| 008 | 140724s9999 xx 000 0 und d | ||
| 050 |
_aRJ 507.A29 _b.R116 2007 |
||
| 100 | _aRabino, Randy R. | ||
| 245 | 4 |
_aThe prevalent coping mechanisms of physically abused school-age children at a DSWD Foundation in Parañaque City / _cRandy R. Rabino. |
|
| 260 |
_aLas Piñas, Philippines : _bSouthville International School and Colleges, _cc2007. |
||
| 300 |
_a79 p. : _c28 cm. |
||
| 521 | _aNursing | ||
| 942 | _cTH | ||
| 999 |
_c229048 _d229048 |
||